000 01110nam a2200265 i 4500
001 183347
003 ES-MaACL
005 20240509101459.0
008 140327s2013 sp a | |||||||| | spa d
020 _a978-84-938771-9-4
080 _a7 Calvo, Carmen (083.824)
080 _a7.037.5(083.824)
100 1 _aCalvo, Carmen,
_d1950-
_9154630
245 1 0 _aLo que se ha sentido ha sido lo que se ha vivido :
_b[21 marzo-2 junio-2013, Fundación Antonio Pérez, Cuenca] /
_cCarmen Calvo ; [comisario], Alfonso de la Torre ; [textos, Francisco Brines, Alfonso de la Torre].
260 _a[Cuenca] :
_bFundación Antonio Pérez,
_cD.L. 2013.
300 _a117 p. :
_bil. col. y n. ;
_c23 cm.
600 1 7 _aCalvo, Carmen,
_d1950-
_vExposiciones
_2
_9154631
655 7 _2tgfbne
_9193628
_aCatálogos de exposiciones
700 1 _aTorre, Alfonso de la,
_d1960-
_9139803
700 1 _aBrines, Francisco,
_d1932-2021
_931751
710 2 _aFundación Antonio Pérez.
_9141689
852 _aES-MaACL
_jA-13089
_9190286
_bR.149895
_cDEPO1
_dOlim: N-6089
942 _2udc
_cMONOGRAFIA
999 _c183347
_d183347